| 000 | 02381nam a2200313 a 4500 | ||
|---|---|---|---|
| 001 | BRCA_3102 | ||
| 005 | 20190320204119.0 | ||
| 008 | 280109s1844----fr-a---###---#000-0#fre-u | ||
| 041 | _afre | ||
| 044 | _afr | ||
| 084 |
_a407 _b.L448 _c1844 |
||
| 100 | 1 |
_aCervantes Saavedra, Miguel de _d1547-1616 _9213 |
|
| 245 | 1 | 0 |
_aHistoire de Don Quichote de la Manche _cpar Michel de Cervantes. |
| 260 |
_aParís _bP.C. Lehuby _c1844 |
||
| 300 |
_aviii, 488 p. _bil. _c20 cm. |
||
| 500 | _aContenido : Primera parte. Advertencia del editor. Noticia historica y literaria sobre Cervantes. Texto. Segunda parte. Texto. Tercera parte (continuación por Filleau de Saint-Martin) | ||
| 500 | _aEdición : Nouvelle edition revue et corrigée par L´Abbé Lejeune, chanoine, prof. a la Fac. de Théologie de Rouen. Illustrée de 20 grands dessins. Par Célestib Nanteuil, Bouchot et Demoraine | ||
| 500 | _aEsta edición abreviada por el téologo Lejeune es en realidad un compendio de la de Filleau de Saint-Martin, dividido en tres parte, correspondiendo la última a la continuación de aquel traductor, apodado también labbé: El texto está tan abreviado que los 126 capítulos que comprende el original, han quedado reducidos a 30, y los 61 de la continuación, a una tercera parte. Escribe Lejeune que en su versión han suprimido ciertos pasajes nada propios para la juventud (desde el punto de vista de la moral eclesiástica, se entiende). Algunos de los más importantes pasajes suprimidos son por ejemplo: La defensa del criado Andrés vapuleado por su amo, la liberación de los galeotes y el célebre discurso sobre la Edad de oro, así como la penitencia de Don Quijote en Sierra Morena. Las ilustraciones, aunque técnicamente buenas, no satisfacen, pues sus dibujantes demuestran poco conocimiento del texto cervantino. Tela; cubiertas ricamente ilustradas con motivos quijotiles Lúdovik Osterc | ||
| 500 | _aQM333 | ||
| 546 | _aTexto en : francés | ||
| 650 | 1 | 4 |
_aNovela española _yÉpoca clásica, 1500-1700 _9215 |
| 650 | 1 | 4 |
_aLiteratura española _yÉpoca clásica, 1500-1700 _9216 |
| 650 | 1 | 4 |
_aNovela española _ySiglo XVII _9217 |
| 650 | 1 | 4 |
_aDon Quijote (Personaje ficticio) _eNovela _9218 |
| 700 | 1 |
_aSaint-Martin, Francois Filleau de _d1632-1695 _eTraductor _98453 |
|
| 740 | 0 | _aEl Ingenioso Hidalgo Don Quijote de la Mancha | |
| 902 | _aQFM | ||
| 942 |
_2lcc _cB |
||
| 999 |
_c2838 _d2838 |
||